Aproximaciones sectoriales al cambio climático (Registro nro. 20780)

Detalles MARC
000 -CABECERA
Campo de control 00822nam a22002417a 4500
005 - FECHA Y HORA DE LA ULTIMA TRANSACCION
Campo de control 20200131045348.0
008 - ELEMENTOS DE LONGITUD FIJA—INFORMACION GENERAL
Campo de control 200131b xxu||||| |||| 00| 0 spa d
020 ## - ISBN
ISBN 9789588353876
040 ## - FUENTE DE CATALOGACIÓN
Agencia catalogadora original CO-BoIAVH
Agencia transcriptora CO-BoIAVH
041 ## - IDIOMA
Código de idioma para texto/pista de sonido o título separado Chino
044 ## - PAÍS DE PUBLICACIÓN
País de publicación Colombia
100 ## - ASIENTO PRINCIPAL--NOMBRE PERSONAL
9 (RLIN) 102479
Nombre personal Zambrano, Darío
245 ## - MENCION DE TITULO
Título Aproximaciones sectoriales al cambio climático
Mención de responsabilidad Darío Zambrano, Jhoanata Bolívar y Verónica Robledo
250 ## - MENCION DE EDICION
Mención de edición Primera edición
260 ## - PUBLICACION, DISTRIBUCION, ETC. (PIE DE IMPRENTA)
Lugar de publicación, distribución, etc. Santiago de Cali:
Nombre del editor, distribuidor, etc. WWF Colombia,
Fecha de publicación, distribución, etc. 2014.
300 ## - DESCRIPCION FISICA
Extensión 43 páginas,
Otros detalles físicos Fotografías, mapas, gráficas e ilustraciones
Dimensiones 28 x 21.6 cm
504 ## - NOTA DE BIBLIOGRAFIA, ETC.
Nota de bibliografía Referencias (páginas 42-43)
650 #0 - ASIENTO SECUNDARIO DE MATERIA - TERMINO TEMATICO
9 (RLIN) 8481
Término temático o nombre geográfico como elemento de entrada Cambio climático
650 #0 - ASIENTO SECUNDARIO DE MATERIA - TERMINO TEMATICO
9 (RLIN) 27925
Término temático o nombre geográfico como elemento de entrada Efecto invernadero
650 #0 - ASIENTO SECUNDARIO DE MATERIA - TERMINO TEMATICO
9 (RLIN) 36681
Término temático o nombre geográfico como elemento de entrada Ecología agrícola
651 #0 - ASIENTO SECUNDARIO DE MATERIA - NOMBRE GEOGRAFICO
9 (RLIN) 70214
Nombre geográfico Meta
Subdivisión geográfica Colombia
942 ## - ELEMENTOS ADICIONALES (KOHA)
Sistema de clasificación Local
Tipo de ítem Folleto
Existencias
Withdrawn status Lost status Sistema de Clasificación Damaged status No para préstamo Colección Ubicación Permanente Ubicación actual Fecha de adquisición Total Checkouts Número topográfico Inventario / Código de Barras Date last seen Ejemplar Price effective from Forma de adquisición Tipo de material
    Local     Hemeroteca Bogotá Bogotá 31/01/2020   FG-0425 044042 31/01/2020 Ej. 1 31/01/2020 Donación Folleto